Регионална библиотека "Любен Каравелов" - Русе

Швейцария (Запис номер 168267)

MARC детайли
000 -Лидер
Контролно поле с фиксирана дължина 02342nam a2200445 c 4500
003 - Код на организацията, давaща контролен номер
Контролно поле BLK
005 - Дата и час на последна редакция
Контролно поле 20180420235134.0
008 - Елементи от данни с фиксирана дължина
fixed length control field 180411b bul|||||r ||||||| ||bul||
010 ## - Наследен системен номер
LC control number KNG00176149000
020 ## - Международен стандартен номер на книга ISBN
Международен стандартен номер на книга ISBN 978-954-27-1429-3
-- издат.: Егмонт България
040 ## - Източник на каталожния запис
Идентификатор на билиотеката - собственик на записа BLK
041 ## - Код за език
Код за езика на текст/звукозапис или на отделно заглавие Български
Код за езика КДБФ Български
072 #7 - Код за тематичната категория
Код организация bullib
Код за тематична категория Н91
Текст География Н
080 ## - УДК
Текстов определител УДК География на Швейцария
УДК код - определител по УДК 913(494)
УДК определител (036)
УДК - код + определител 913(494)(036)
080 ## - УДК
Текстов определител УДК Социография. Социално положение. Условия на политическия и социалния живот. Социално и социално-икономическо положение на отделните страни, народи, раси. Социална география. (Общи въпроси)
УДК код - определител по УДК 308
УДК определител (494)(036)
УДК - код + определител 308(494)(036)
080 ## - УДК
Текстов определител УДК Забавно пътуване. Туризъм - пътуване пеша, с кола, колело, автобус, влак, параход, самолет, изкачване на планина, ездене и др. п.
УДК код - определител по УДК 379.85
УДК определител (494)(036)
УДК - код + определител 379.85(494)(036)
100 1# - Редна дума - Автор
Автор Фишер, Тереза
Авторска отговорност първи автор
R(LIN) 337780
139 ## - Редно поле
Редна дума Фишер, Тереза
Авторски знак Фиш - Ф 59
245 10 - Сведения за заглавието
Заглавие Швейцария
Подзаглавни данни Пътеводител
Редно поле (дума) Тереза Фишер.
257 ## - Страна на издаване
Страна на създаване/издаване Великобритания
260 ## - Област на издателските данни
-- София
Име на издателя, разпространителя и проч. Егмонт България
Година на издаване 2015
Печатница София : Лито Балкан
300 ## - Физическа характеристика
Страници 319 с.
Илюстрации и др. с ил., к., сх.
Размери/Мащаб 22 см
380 ## - Жанр
Жанр География
490 1# - СЕРИИ (Колекции)
Име на серия National Geographic пътеводител
500 ## - Общи забележки
Забележка Без сведение за ориг. загл. - Авт. не е отбелязана на кор. - Показалец. - За автора.
650 #4 - Допълнително описание по предмет – тема
Основно описание – тема или топоним Швейцария - пътеводители
9 (RLIN) 337781
650 #4 - Допълнително описание по предмет – тема
Основно описание – тема или топоним Туризъм - Швейцария - пътеводители
9 (RLIN) 337782
651 #4 - Допълнително описание по предмет - топоним
Географско понятие Швейцария
9 (RLIN) 179801
653 ## - Ключова дума – ненормативна
Ключова дума Швейцария
653 ## - Ключова дума – ненормативна
Ключова дума туризъм
653 ## - Ключова дума – ненормативна
Ключова дума история
653 ## - Ключова дума – ненормативна
Ключова дума култура
653 ## - Ключова дума – ненормативна
Ключова дума природни забележителности
659 ## - Тематичен бюлетин
Тематичен бюлетин Н
852 ## - Местоположение
Форматна сигнатура Цб 274488
856 4# - Електронен адрес и достъп
Електронен формат pdf - файл
Път до файла /url/
856 4# - Електронен адрес и достъп
Електронен формат pdf - файл
Път до файла /url/
942 ## - АРТИКУЛИ
Вид на библиотечния материал Книги
Скрит в OPAC Не
944 ## - СЪЗДАВАНЕ И РЕДАКЦИЯ на ЗАПИСА
Създаване/Редакция Създаване
Дата на регистрацията/редакция 02.06.2015
Статус, дата на статуса ф /
Служител, извършил регистрацията/редакцията Виолета_Тройчева
944 ## - СЪЗДАВАНЕ И РЕДАКЦИЯ на ЗАПИСА
Създаване/Редакция Редакция
Дата на регистрацията/редакция 22.01.2016
Статус, дата на статуса ф /
Служител, извършил регистрацията/редакцията Людмила_Стоянова
999 ## - СИСТЕМНИ КОНТРОЛНИ НОМЕРА
Koha biblionumber 168267
Koha biblioitemnumber 168267
Наличности
Код за отписване Код за изгубен артикул Източник на класификационната схема Код за повреда Коз за рестрикции Код за отдаване Артикулен № Име на библиотеката - собственик Име на библиотеката, в която се намира в момента Статус (Текущо местоположение) Дата на вписване в системата Местоположение - отдел Цена в лева Инвентарен номер Систематично азбучна сигнатура Баркод Номер на екземпляра Цена в евро Служебна бележка Служебен тип на артикула
  Не е изгубен Universal Decimal Classification Не е повреден без рестрикции ползва се в читалня 283971 Регионална библиотека "Любен Каравелов" Русе Регионална библиотека "Любен Каравелов" Русе Читалня 2015-05-28 Читалня 24.90 120000788441 Ч 913(4)/Ф 59 Т 120000788441 1 12.73 Дост: Pk Вид: Ф N: 432 Дата: 22.05.2015 Дата инв: 30.03.2017 Бележки инв: Ч2017 Книги
  Не е изгубен   Не е повреден без рестрикции ползва се в читалня 283972 Регионална библиотека "Любен Каравелов" Русе Регионална библиотека "Любен Каравелов" Русе Хранилище 2015-10-15 Хранилище 24.90 120000793633 Цб 274488 120000793633 2 12.73 Дост: Dp Вид: Д N: 35 Дата: 07.08.2015 Книги
Vip Innovations Ltd, Rousse, Bulgaria 2025